| 000 -LEADER |
| fixed length control field |
01636pab a2200181 454500 |
| 008 - FIXED-LENGTH DATA ELEMENTS--GENERAL INFORMATION |
| fixed length control field |
180718b2018 xxu||||| |||| 00| 0 eng d |
| 100 ## - MAIN ENTRY--PERSONAL NAME |
| Personal name |
Mehozay, Yoav |
| 245 ## - TITLE STATEMENT |
| Title |
From offender rehabilitation to the aesthetic of the victim |
| 260 ## - PUBLICATION, DISTRIBUTION, ETC. |
| Date of publication, distribution, etc. |
2018 |
| 300 ## - PHYSICAL DESCRIPTION |
| Extent |
p.97-113. |
| 362 ## - DATES OF PUBLICATION AND/OR SEQUENTIAL DESIGNATION |
| Dates of publication and/or sequential designation |
Feb |
| 520 ## - SUMMARY, ETC. |
| Summary, etc. |
This article analyzes the role played by crime victims in social control in the postindustrial United States in the last three decades of the 20th century. Through a synthesis between Zygmunt Baumanメs work on late modernity and Pierre Dardotメs and Christian Lavalメs conceptualization of neoliberalism, the article reviews the increasing centrality of the crime victim in penal discourse, particularly in light of the ムaesthetic turnメ proposed by Bauman and others as representing a deep transition in the way social problems and political actions are understood. More precisely, a society governed by aesthetics is concerned with superficial manifestations of social harms. As such, under this aesthetic turn, public attitudes and criminal justice policies in the United States since the 1970s have related to ideal victims who are devoid of social context. Victims play a symbolic role in amplifying punitive emotions but are denied meaningful services. The article concludes with a call to rethink the ethos of the victim with an eye toward reducing the structural pathologies, such as inequality, poverty, or racial discrimination, that inflict so much harm on so many. - R |
| 650 ## - SUBJECT ADDED ENTRY--TOPICAL TERM |
| Topical term or geographic name entry element |
Rehabilitation |
| 650 ## - SUBJECT ADDED ENTRY--TOPICAL TERM |
| Topical term or geographic name entry element |
Crime victims |
| 650 ## - SUBJECT ADDED ENTRY--TOPICAL TERM |
| Topical term or geographic name entry element |
Crime - USA |
| 773 ## - HOST ITEM ENTRY |
| Main entry heading |
Social & Legal Studies |
| 909 ## - |
| -- |
116538 |